[Event "Berlin op"]
[Site "Berlin-West"]
[Date "1988.??.??"]
[Round "6"]
[White "Dizdarevic, Emir"]
[Black "Nijboer, Friso"]
[Result "1/2-1/2"]
[WhiteElo "2495"]
[BlackElo "2420"]

1.Nf3 Nf6 2.c4 g6 3.g3 Bg7 4.Bg2 O-O 5.d4 d6 6.O-O Nc6 7.Nc3 a6 8.d5 Na5
9.Nd2 c5 10.Qc2 Rb8 11.b3 b5 12.Rb1 Bd7 13.Bb2 e5 14.dxe6 fxe6 15.cxb5 axb5
16.Nce4 Ne8 17.Bxg7 Kxg7 18.b4 cxb4 19.Rxb4 Rc8 20.Qd3 d5 21.Nc5 Nc4 22.Rxb5 Ned6
23.Nb7 Qc7 24.Nxd6 Nxd6 25.Rb2 Qc3 26.Qxc3+ Rxc3 27.Rb6 Nc4 28.Nxc4 Rxc4
29.Rb7 Rf7 30.Rfb1 Bc6 31.R7b3 Ra7 32.a3 Kf6 33.Bf3 Ke5 34.e3 Rc2 35.Ra1 Rf7
36.Bh1 Rfxf2 37.h4 Rfd2 38.Bf3 Kd6 39.Rbb1 e5 40.Rd1 e4 41.Rxd2 Rxd2 42.Rd1 Ra2
43.Bxe4 Rxa3 44.Bxd5 Bxd5 45.e4 Rxg3+ 46.Kf2 Rg4  1/2-1/2

[Event "Berlin op"]
[Site "Berlin-West"]
[Date "1988.??.??"]
[Round "7"]
[White "Rukavina, Josip"]
[Black "Alber, Horst"]
[Result "1-0"]
[WhiteElo "2455"]
[BlackElo "2350"]

1.Nf3 Nf6 2.c4 g6 3.g3 Bg7 4.Bg2 O-O 5.O-O d6 6.d4 Nbd7 7.Qc2 e5 8.Rd1 Re8
9.e4 c6 10.Nc3 exd4 11.Nxd4 Qb6 12.Nb3 Qb4 13.a3 Qxc4 14.Rxd6 Nc5 15.Nd2 Qa6
16.b4 Ne6 17.Nb3 Ng4 18.Bb2 Qb6 19.Rad1 Ng5 20.Na4 Qc7 21.Bxg7 Kxg7 22.f4 Kg8
23.Qc3 Ne6 24.h3 Nh6 25.Nac5 Nxc5 26.Nxc5 Qe7 27.e5 Nf5 28.Ne4 Rf8 29.g4 Nh4
30.Nf6+ Kg7 31.Be4 g5 32.f5 Kh8 33.Nxh7  1-0

[Event "Bern op"]
[Site "Bern"]
[Date "1988.??.??"]
[Round "?"]
[White "Kirov, Nino"]
[Black "Heim, Bernhard"]
[Result "1-0"]
[WhiteElo "2470"]
[BlackElo "2260"]

1.Nf3 Nf6 2.g3 g6 3.c4 Bg7 4.Bg2 O-O 5.Nc3 d6 6.d4 c5 7.O-O Nc6 8.d5 Na5
9.Nd2 a6 10.Rb1 Rb8 11.b3 b5 12.Bb2 bxc4 13.bxc4 Bh6 14.Ba1 Rxb1 15.Ncxb1 e6
16.Qa4 Bg7 17.Bc3 Nb7 18.Qxa6 exd5 19.cxd5 Re8 20.e4 Ng4 21.Bxg7 Kxg7 22.Nc4 h5
23.Nbd2 h4 24.Nb6 hxg3 25.hxg3 f5 26.Rb1 Re7 27.Qa8  1-0

[Event "Bern op"]
[Site "Bern"]
[Date "1988.??.??"]
[Round "?"]
[White "Erdelyi, Tamas"]
[Black "Buerki, P."]
[Result "1-0"]
[WhiteElo "2330"]
[BlackElo "2130"]

1.Nf3 Nf6 2.c4 g6 3.g3 Bg7 4.Bg2 O-O 5.O-O d6 6.Nc3 Nc6 7.Rb1 e5 8.b4 Ne7
9.b5 Nd7 10.d3 f5 11.Qc2 Nc5 12.Nd2 g5 13.Nb3 Ng6 14.Nxc5 dxc5 15.Ba3 e4
16.Bxc5 exd3 17.exd3 Re8 18.Rbe1 f4 19.Rxe8+ Qxe8 20.d4 g4 21.Bd5+ Kh8 22.Qe4 Qxe4
23.Nxe4 Rb8 24.Rd1 b6 25.Bb4 h6 26.Bc6 a5 27.Ba3 Bf5 28.Nc3 Rd8 29.Nd5 f3
30.Bb2 Rd6 31.Nxc7 Ne5 32.Ne8  1-0

[Event "Bern op"]
[Site "Bern"]
[Date "1988.??.??"]
[Round "?"]
[White "Schlichtmann, Gisbert"]
[Black "Nemet, Ivan"]
[Result "0-1"]
[WhiteElo "2220"]
[BlackElo "2435"]

1.Nf3 Nf6 2.c4 g6 3.g3 Bg7 4.Bg2 O-O 5.O-O d6 6.d4 c6 7.Nc3 Bf5 8.b3 Ne4
9.Bb2 Nxc3 10.Bxc3 Be4 11.Qd2 Nd7 12.Rac1 Nf6 13.Qf4 h6 14.Rfd1 d5 15.Bf1 a5
16.Ne5 a4 17.f3 g5 18.Qd2 Bf5 19.Bg2 axb3 20.axb3 Qb6 21.g4 Be6 22.c5 Qc7
23.Ra1 Nd7 24.Nxd7 Bxd7 25.Ra2 e5 26.Rda1 Rae8 27.e3 f5 28.gxf5 Bxf5 29.Ra7 e4
30.Rf1 exf3 31.Rxf3 Qe7 32.Bf1 g4 33.Rg3 h5 34.Ba6 Bc8 35.Qg2 h4  0-1

[Event "Texta"]
[Site "Budapest"]
[Date "1988.??.??"]
[Round "?"]
[White "Davies, Nigel R"]
[Black "Tolnai, Tibor"]
[Result "1-0"]
[WhiteElo "2475"]
[BlackElo "2485"]

1.Nf3 Nf6 2.g3 g6 3.Bg2 Bg7 4.c4 O-O 5.O-O c5 6.d4 cxd4 7.Nxd4 Nc6 8.Nc2 d6
9.Nc3 Be6 10.b3 Qd7 11.e4 Bh3 12.Qe2 Rfc8 13.Rd1 Bxg2 14.Kxg2 Qe6 15.Rb1 a6
16.a4 Rab8 17.Bb2 b6 18.f3 Ne8 19.Nd5 Bxb2 20.Rxb2 Nc7 21.Nce3 b5 22.cxb5 axb5
23.Rc2 Ne8 24.axb5 Na7 25.b6 Rxc2 26.Qxc2 Nc8 27.Qc6 Nxb6 28.Nxb6 Qxb3 29.Nbc4 Nf6
30.Qc7 Rb4 31.Ra1 Kg7 32.Qxe7 Rxc4 33.Ra8 Nxe4 34.Qf8+ Kf6 35.Ng4+ Ke6 36.Re8+ Kd7
37.Qxf7+ Kc6 38.Rc8+ Kb5 39.Qb7+  1-0

[Event "ARG-ch"]
[Site "Buenos Aires"]
[Date "1988.??.??"]
[Round "?"]
[White "Szmetan, Jorge"]
[Black "Tempone, Marcelo"]
[Result "1/2-1/2"]
[WhiteElo "2405"]
[BlackElo "2450"]

1.Nf3 Nf6 2.c4 g6 3.g3 Bg7 4.Bg2 O-O 5.O-O c6 6.d4 d5 7.cxd5 cxd5 8.Ne5 e6
9.Nc3 Nfd7 10.f4 Nb6 11.b3 Re8 12.a4 N6d7 13.Ba3 a6 14.e4 Nf6 15.exd5 exd5
16.Qf3 Be6 17.g4  1/2-1/2

[Event "BUL-ch"]
[Site "BUL"]
[Date "1988.??.??"]
[Round "?"]
[White "Ninov, Kiril"]
[Black "Nikolov, Sasho"]
[Result "0-1"]
[WhiteElo "2495"]
[BlackElo "2215"]

1.Nf3 Nf6 2.g3 g6 3.Bg2 Bg7 4.c4 O-O 5.Nc3 d5 6.cxd5 Nxd5 7.O-O Nc6 8.d4 Nb6
9.e3 a5 10.Ne1 e5 11.d5 Nb4 12.e4 c6 13.Be3 cxd5 14.exd5 Nc4 15.Bc5 Re8 16.b3 Nd6
17.Rc1 Bh6 18.Be3 Bxe3 19.fxe3 Qb6 20.Qd2 Bd7 21.Kh1 Rac8 22.Nf3 Qa6 23.e4 Kg7
24.Qe3 Qd3 25.Qb6 Nxe4 26.Nd2 Nxd5 27.Qxb7 Nexc3 28.Qxd7 Nf4 29.Qb7 Qxd2
30.gxf4 exf4 31.Qf3 Qe3 32.Qxf4 Qxf4 33.Rxf4 Nxa2 34.Rcf1 f5 35.Ra4 Rc2 36.Rxa5 Ree2
37.Ra7+ Kh6 38.Bd5 Rxh2+ 39.Kg1 Nc3 40.Bf3 Kg5 41.Re1 h5 42.Ra6 Kf4 43.Bb7 g5
44.Ra5 g4 45.Rf1+ Kg3  0-1

[Event "Midwest Masters op"]
[Site "Chicago"]
[Date "1988.??.??"]
[Round "6"]
[White "Frias, Victor J"]
[Black "Brooks, Michael A"]
[Result "1-0"]
[WhiteElo "2485"]
[BlackElo "2345"]

1.Nf3 Nf6 2.c4 g6 3.g3 Bg7 4.Bg2 O-O 5.O-O d6 6.Nc3 Nbd7 7.d3 c6 8.Rb1 a5
9.a3 d5 10.cxd5 cxd5 11.Bf4 d4 12.Nb5 Nd5 13.Nbxd4 Nxf4 14.gxf4 e5 15.fxe5 Nxe5
16.Nxe5 Qxd4 17.Nf3 Qd5 18.Qd2 Bg4 19.h3 Bh5 20.d4 Rad8 21.Rbd1 Qd7 22.Qf4 Qb5
23.Rd2 Rfe8 24.e3 h6 25.Rc1 g5 26.Qc7 b6 27.d5 g4 28.hxg4 Bxg4 29.Bf1 Qd7
30.Qxd7 Rxd7 31.Nh2 Rd6 32.Nxg4 Rg6 33.Be2 h5 34.Rc4 hxg4 35.Rxg4 Rd6 36.a4 Kf8
37.Bb5 Red8 38.Rg5 Rc8 39.Kg2 Rc1 40.f4 Rb1 41.Kf3 Rxb2 42.Rxb2 Bxb2 43.e4 Rd8
44.Rg2 Ba1 45.Kg4 Ke7 46.Rc2 Bd4 47.Rc7+ Kf8 48.Bc4 b5 49.axb5 a4 50.e5 a3
51.d6 Ra8 52.Rxf7+ Ke8 53.d7+ Kd8  1-0

[Event "Copenhagen op"]
[Site "Copenhagen"]
[Date "1988.??.??"]
[Round "?"]
[White "Szekely, Peter"]
[Black "Andreasson, Ingvar"]
[Result "1/2-1/2"]
[WhiteElo "2420"]
[BlackElo "2335"]

1.Nf3 Nf6 2.c4 g6 3.g3 Bg7 4.Bg2 O-O 5.d4 c6 6.Nc3 d5 7.cxd5 cxd5 8.Ne5 e6
9.O-O Nfd7 10.Nf3 Nc6 11.b3 a6 12.e4 Nf6 13.e5 Ne4 14.Bb2 Nxc3 15.Bxc3 Bd7
16.Qd2 Qb6 17.h4 Rfc8 18.Rfc1 Qd8 19.Nh2  1/2-1/2

[Event "Copenhagen op"]
[Site "Copenhagen"]
[Date "1988.??.??"]
[Round "?"]
[White "Sorensen, Torben"]
[Black "Hvenekilde, Jorgen"]
[Result "1-0"]
[WhiteElo "2360"]
[BlackElo "2320"]

1.Nf3 Nf6 2.c4 g6 3.g3 Bg7 4.Bg2 O-O 5.Nc3 d6 6.O-O Nc6 7.d3 Bg4 8.h3 Bd7
9.Rb1 a6 10.b4 Qc8 11.Kh2 Ng4+ 12.hxg4 Bxc3 13.d4 Bxg4 14.Rb3 Bxb4 15.d5 Bc5
16.dxc6 bxc6 17.Bh6 Rd8 18.Nd4 Bxd4 19.Qxd4 e5 20.Qe4 f6 21.Qxc6 Qf5 22.Qxc7 Qh5+
23.Kg1 Qxh6 24.Bd5+ Kh8 25.Bxa8 Rxa8 26.Rb8+ Rxb8 27.Qxb8+ Kg7 28.Qc7+  1-0

[Event "Dortmund-B"]
[Site "Dortmund"]
[Date "1988.??.??"]
[Round "?"]
[White "Davidovic, Aleksandar"]
[Black "Konikowski, Jerzy"]
[Result "1-0"]
[WhiteElo "2405"]
[BlackElo "2390"]

1.Nf3 Nf6 2.c4 g6 3.g3 Bg7 4.Bg2 O-O 5.d4 d6 6.Nc3 Nc6 7.O-O a6 8.h3 Rb8
9.Be3 Nd7 10.Rc1 e5 11.Bg5 f6 12.Be3 Ne7 13.dxe5 Nxe5 14.Nd5 Nf5 15.Bd2 Be6
16.b3 Bf7 17.Ba5 b6 18.Bc3 a5 19.e4 Ne7 20.Nd4 c5 21.Nxe7+ Qxe7 22.Nb5 Rbd8
23.f4 Nc6 24.Rc2 Na7 25.Nxa7 Qxa7 26.Rd2 Qe7 27.Re1 Be6 28.Re3 Rd7 29.Red3 Rfd8
30.g4 Bh6 31.Rf2 Bg7 32.f5 Bf7 33.g5 gxf5 34.exf5 Rf8 35.gxf6 Bxf6 36.Rg3+ Kh8
37.Re2 Qd8 38.Qa1 Bg8 39.Bc6 Rg7 40.Rxg7 Kxg7 41.Rg2+ Kh8 42.Qe1 Bxc3 43.Qxc3+ Qf6
44.Qxf6+ Rxf6 45.Be4 Rf8 46.Kf2 Bf7 47.Ke3 Rg8 48.Rd2 Rd8 49.Bd5 Bxd5 50.Rxd5 Kg7
51.Kf4 Kf6 52.Rd3 Rd7 53.Re3 Kf7 54.Re6 d5 55.cxd5 Rxd5 56.Rxb6 Rd2 57.a4 c4
58.bxc4 Rd4+ 59.Ke5 Rxc4 60.Rb7+ Kg8 61.Kf6 Rc6+ 62.Ke7 Kg7 63.Ra7 Rf6 64.Rxa5 Rf7+
65.Ke6 Rf6+ 66.Ke5 Rh6 67.Ra7+  1-0

[Event "DSV-Turnier"]
[Site "Dresden"]
[Date "1988.??.??"]
[Round "?"]
[White "Romanishin, Oleg M"]
[Black "Gruenberg, Hans Ulrich"]
[Result "1-0"]
[WhiteElo "2550"]
[BlackElo "2470"]

1.c4 Nf6 2.Nf3 g6 3.g3 Bg7 4.Bg2 O-O 5.d4 d6 6.O-O Nc6 7.Nc3 e5 8.d5 Ne7
9.c5 Ne8 10.cxd6 cxd6 11.a4 h6 12.Nd2 f5 13.Nc4 g5 14.Bd2 f4 15.Ne4 Nf5 16.e3 Nf6
17.Bb4 Nxe4 18.Bxe4 Rf6 19.Rc1 Bf8 20.Kh1 Qe8 21.exf4 exf4 22.Re1 Qd7 23.Bc3 Rf7
24.Qh5 Qxa4 25.Qg6+ Bg7 26.g4  1-0

[Event "Geneve"]
[Site "Geneve"]
[Date "1988.??.??"]
[Round "?"]
[White "Cvitan, Ognjen"]
[Black "Kouatly, Bachar"]
[Result "1/2-1/2"]
[WhiteElo "2500"]
[BlackElo "2440"]

1.Nf3 Nf6 2.c4 g6 3.g3 Bg7 4.Bg2 O-O 5.d4 d5 6.cxd5 Nxd5 7.O-O Nc6 8.Nc3 Nb6
9.e3 Re8 10.d5 Na5 11.Nd4 Bd7 12.a4 c5 13.dxc6 bxc6 14.b4 e5 15.Nde2 Nac4
16.a5 Nc8 17.b5  1/2-1/2

[Event "BL2-S8788"]
[Site "Germany"]
[Date "1988.??.??"]
[Round "?"]
[White "Hottes, Dieter"]
[Black "Kindl, Peter"]
[Result "1-0"]
[WhiteElo "2240"]
[BlackElo "2320"]

1.Nf3 Nf6 2.c4 g6 3.g3 Bg7 4.Bg2 O-O 5.O-O d6 6.d4 Nbd7 7.Nc3 e5 8.e4 c6
9.h3 Qb6 10.d5 cxd5 11.cxd5 Nc5 12.Qe2 Bd7 13.Be3 Rfc8 14.Rfc1 a5 15.Ne1 Qa6
16.Qd1 b5 17.Nd3 Nxd3 18.Qxd3 Qb7 19.b3 Ne8 20.a4 b4 21.Nd1 f5 22.f3 f4 23.Bf2 fxg3
24.Bxg3 Bh6 25.Ne3 Qb6 26.Bf2 Qd4 27.Qxd4 Rxc1+ 28.Qd1 Rxd1+ 29.Nxd1 Rc8
30.Bb6 Kf7 31.Bxa5 Ke7 32.Bb6 Nf6 33.a5 Bb5 34.Bf1 Bxf1 35.Kxf1 Nd7 36.Bf2 Kd8
37.a6 Kc7 38.Nb2 Bd2 39.a7 Kb7 40.Nc4 Bc3 41.Nxd6+ Ka8 42.Nxc8  1-0

[Event "BL2-SW8788"]
[Site "Germany"]
[Date "1988.??.??"]
[Round "?"]
[White "Sandmeier, Toni"]
[Black "Degenhardt, Horst"]
[Result "1/2-1/2"]
[WhiteElo "2245"]
[BlackElo "2270"]

1.c4 g6 2.Nf3 Bg7 3.g3 Nf6 4.Bg2 O-O 5.O-O d6 6.Nc3 Nc6 7.Rb1 e5 8.b4 Bf5
9.d3 Qd7 10.b5 Nd8 11.Bg5 Nh5 12.Nd5 f6 13.Bd2 Rf7 14.Re1 Bh3 15.Bh1 Ne6
16.e3 f5 17.Nh4 g5 18.Bf3 g4 19.Bh1 Kh8 20.Bc3 c6  1/2-1/2

[Event "BL2-S8788"]
[Site "Germany"]
[Date "1988.??.??"]
[Round "?"]
[White "Mandl, Robert"]
[Black "Zollbrecht, Josef"]
[Result "0-1"]
[WhiteElo "2285"]
[BlackElo "2260"]

1.c4 Nf6 2.Nf3 g6 3.g3 Bg7 4.Bg2 O-O 5.O-O d5 6.cxd5 Nxd5 7.d4 Nb6 8.Nc3 Nc6
9.e3 Re8 10.Qe2 e5 11.dxe5 Nxe5 12.Rd1 Nxf3+ 13.Qxf3 Qe7 14.e4 c6 15.Bf4 Qb4
16.e5 Nc4 17.Rd4 Qc5 18.Rxc4 Qxc4 19.Ne4 Qb4 20.Bd2 Qxb2 21.Bc3 Qa3 22.Rb1 a5
23.Bf1 Rxe5 24.Rb3 Qe7 25.Bxe5 Bxe5 26.Re3 Be6 27.a4 Rd8 28.Nc3 Bd4 29.Re1 Qb4
30.Rd1 Bb6 31.Rb1 Qd4 32.Ne2 Qc5 33.Nf4 Bg4 34.Qg2 Rd2 35.Nd3 Qd4 36.Re1 Bf5
37.Re8+ Kg7  0-1

[Event "Groningen op"]
[Site "Groningen"]
[Date "1988.??.??"]
[Round "?"]
[White "Ninov, Kiril"]
[Black "Ristic, Nenad"]
[Result "1-0"]
[WhiteElo "2495"]
[BlackElo "2395"]

1.Nf3 Nf6 2.g3 g6 3.Bg2 Bg7 4.c4 O-O 5.d4 c6 6.O-O d6 7.h3 Qa5 8.Nc3 Be6
9.Qd3 Qa6 10.b3 d5 11.Ne5 Rd8 12.cxd5 Nxd5 13.Qxa6 Nxa6 14.Bb2 Ndb4 15.Ne4 h6
16.Rfc1 f5 17.Nc5 Nxc5 18.Rxc5 Bxe5 19.Rxe5 Kf7 20.Rc5 Rd7 21.a3 Na6 22.Rc3 Nc7
23.e3 Nb5 24.Rd3 Bd5 25.f3 Rad8 26.Rad1 Ke8 27.Kf2 e5 28.e4 Be6 29.exf5 Bxf5
30.Re3 Kf7 31.Rxe5 Bc2 32.Rde1 Bxb3 33.Bc1 Rh8 34.R1e4 g5 35.h4 Bd5 36.Rg4 Be6
37.Rge4 Bd5 38.Re1 gxh4 39.gxh4 Nd6 40.Bh3 Rc7 41.Bf4 Re8 42.Rxe8 Nxe8 43.Rxe8  1-0

[Event "Groningen op"]
[Site "Groningen"]
[Date "1988.??.??"]
[Round "?"]
[White "Ninov, Kiril"]
[Black "Peek, Marcel"]
[Result "1-0"]
[WhiteElo "2495"]
[BlackElo "2345"]

1.Nf3 Nf6 2.g3 g6 3.Bg2 Bg7 4.c4 O-O 5.d4 d5 6.cxd5 Nxd5 7.O-O Nb6 8.Nc3 Nc6
9.e3 e5 10.d5 Ne7 11.e4 Bg4 12.h3 Bxf3 13.Qxf3 c6 14.Rd1 cxd5 15.Nxd5 Nc6
16.Be3 Nd4 17.Bxd4 exd4 18.Nf4 Qe7 19.Qb3 Rac8 20.h4 Rc5 21.Nd3 Rc7 22.Re1 Bh6
23.e5 Qe6 24.Rad1 Rd8 25.Re2 Qxb3 26.axb3 Re7 27.Re4 Bg7 28.Ra1 a6 29.g4 Rde8
30.Rae1 f6 31.e6 f5 32.gxf5 gxf5 33.R4e2 Bf6 34.Bh3 Bxh4 35.Bxf5 Rf8 36.Bh3 Rf3
37.Nc5 d3 38.Bg2 Rf5 39.Nxd3 Bf6 40.Re3 Bd4 41.Re4 Bf6 42.R1e3 Kf8 43.Rf3 Rxf3
44.Bxf3 Rg7+ 45.Kf1 Rg5 46.Re2 a5 47.Bxb7 Rb5 48.b4 axb4 49.Bc6 Rh5 50.Nxb4 Rh4
51.Nd3 Rd4 52.Ne5 Bxe5 53.Rxe5 Ke7 54.Rb5 Nc4 55.Bd7 Re4 56.Rb7 Kf6 57.b4 Nd2+
58.Kg2 Rg4+ 59.Kh3 Rg1 60.Rb8 Ne4 61.Rf8+ Ke7 62.Rf7+ Kd6 63.Kh2 Rb1 64.Bc8 Ng5
65.Rd7+ Kc6 66.Bb7+ Kb6 67.e7 Re1 68.Bd5  1-0

[Event "Groningen op"]
[Site "Groningen"]
[Date "1988.??.??"]
[Round "?"]
[White "Ninov, Kiril"]
[Black "Maier, Christian"]
[Result "1-0"]
[WhiteElo "2495"]
[BlackElo "2325"]

1.Nf3 Nf6 2.g3 g6 3.Bg2 Bg7 4.c4 O-O 5.O-O d6 6.d4 c6 7.Nc3 a6 8.e4 Nfd7
9.Re1 b5 10.e5 Nb6 11.exd6 exd6 12.cxb5 axb5 13.Bg5 f6 14.Bf4 d5 15.Qb3 Kh8
16.a4 bxa4 17.Nxa4 Nxa4 18.Rxa4 Rxa4 19.Qxa4 Ba6 20.Bh3 g5 21.Bd2 Re8 22.Ra1 Bf8
23.Bb4 Bb5 24.Qa3 Nd7 25.Bf5 Bxb4 26.Qxb4 Qc7 27.h4 gxh4 28.Nxh4 Nf8 29.Kg2 Qe7
30.Qd2 Kg8 31.Qh6 Qf7 32.Bg4 Bd3 33.Bf5 Be4+ 34.Bxe4 dxe4 35.Nf5 Qg6 36.Qf4 Kh8
37.Nd6 Rd8 38.Nxe4 Rxd4 39.Qxf6+ Qxf6 40.Nxf6 Rd2 41.Ra8 Kg7 42.Nh5+ Kf7
43.Ra7+ Ke6 44.Nf4+ Kd6 45.Rf7 Nd7 46.Rxh7 Rxb2 47.Rh6+ Kc7 48.g4 Ne5 49.g5 Ng4
50.Rh7+ Kd6 51.g6 Rb8 52.Rf7 Rg8 53.Kg3 Ne5 54.Rf6+ Kd7 55.Kh4 c5 56.Kg5 c4
57.Nd5  1-0

[Event "Lyngby op"]
[Site "Lyngby"]
[Date "1988.??.??"]
[Round "3"]
[White "Szekely, Peter"]
[Black "Fransson, Peter"]
[Result "1/2-1/2"]
[WhiteElo "2420"]
[BlackElo "2250"]

1.Nf3 Nf6 2.c4 g6 3.g3 Bg7 4.Bg2 O-O 5.d4 d6 6.Nc3 Nc6 7.O-O Bf5 8.d5 Na5
9.Nd4 Bd7 10.b3 c5 11.dxc6 bxc6 12.Bb2 Rb8 13.Rb1 c5 14.Nc2 Nc6 15.Qd2 Re8
16.Rfe1 Qa5 17.Ra1 Nd4 18.Nxd4 cxd4 19.Qxd4 Ng4 20.Qd2 Qh5 21.h3 Ne5 22.f4 Bh6
23.Qd4 Nc6 24.Qd5 Qxd5 25.Nxd5 Bg7 26.Bxg7 Kxg7 27.Kf2 a5 28.Red1 Red8 29.Nc3 Be8
30.Rd2 Rdc8 31.Nd5 Kf8 32.Rc1 Nb4 33.Nc3 Na6 34.Rb1 Nc5 35.Rdb2 Bd7 36.Ne4 Bf5
37.Nxc5 Rxc5 38.e4 Be6 39.Ke3 Rb4 40.Bf1 Rb8 41.b4 axb4 42.Rxb4 Rxb4 43.Rxb4 Ra5  1/2-1/2

[Event "Mendrisio op"]
[Site "Mendrisio"]
[Date "1988.??.??"]
[Round "2"]
[White "Dizdarevic, Emir"]
[Black "Gueci, Riccardo"]
[Result "1-0"]
[WhiteElo "2495"]
[BlackElo "2140"]

1.Nf3 Nf6 2.c4 g6 3.g3 Bg7 4.Bg2 O-O 5.d4 d6 6.O-O c5 7.Nc3 Nc6 8.d5 Na5
9.Nd2 a6 10.Qc2 Rb8 11.b3 b5 12.Rb1 Bh6 13.Nde4 Bg7 14.Nd2 Bh6 15.Nde4 Bg7
16.Nxf6+ exf6 17.cxb5 axb5 18.b4 cxb4 19.Rxb4 Bd7 20.Qb1 Qe8 21.Qd3 f5 22.Be3 Nc4
23.Bd4 Bxd4 24.Qxd4 Qe5 25.Qxe5 Nxe5 26.f4 Ng4 27.Rfb1 Rfc8 28.R4b3 Ra8 29.a3 Nf6
30.Bf3 Kg7 31.Kf2 Ra5 32.R1b2 Rca8 33.Nb1 Rc8 34.Rd2 Rc4 35.Ke3 Ra8 36.Rd4 Rc5
37.Kd2 h5 38.Nc3 Rcc8 39.h3 Rc5 40.Rdb4 Ra5 41.e3 Be8 42.Kd3 Bd7 43.Kd2 Ne8
44.Rd4 Nc7 45.Na2 Na6 46.Nb4 Nxb4 47.Rdxb4 Kf6 48.Rd4 Ra7 49.Rdd3 Rc4 50.Rdc3 Rca4
51.Kc1 Ke7 52.Kb2 Kd8 53.Be2 R4a5 54.Rb4 Ra8 55.Rcb3 Rb8 56.Bd3 Kc7 57.h4 Rb6
58.e4 fxe4 59.Bxe4 Bg4 60.Bd3 Bf3 61.Bxg6 Bxd5 62.Rc3+ Rc6 63.Rxc6+ Kxc6
64.Bxh5 Bc4 65.Bd1 Kc5 66.g4 d5 67.h5 Ra8 68.g5 Re8 69.h6 Re1 70.Kc1 Kd4
71.Rb2 Ke3 72.Rh2  1-0

[Event "Moscow-B"]
[Site "Moscow"]
[Date "1988.??.??"]
[Round "?"]
[White "Sorokin, Maxim"]
[Black "Thorsteins, Karl"]
[Result "1-0"]
[WhiteElo "2390"]
[BlackElo "2430"]

1.Nf3 Nf6 2.c4 g6 3.g3 Bg7 4.Bg2 O-O 5.O-O d5 6.cxd5 Nxd5 7.Nc3 Nc6 8.Nxd5 Qxd5
9.d3 Qb5 10.a4 Qh5 11.Qb3 Nd4 12.Nxd4 Bxd4 13.Qc4 Qc5 14.Qxc5 Bxc5 15.a5 Bd4
16.Ra4 Rd8 17.Bf4 c6 18.a6 e5 19.axb7 Bxb7 20.Be3 Bxe3 21.fxe3 Rd7 22.Rfa1 a6
23.Rb4 Ra7 24.Ra5 f6 25.Rb6 Rc7 26.d4 exd4 27.exd4 Ra8 28.Rxb7 Rxb7 29.Bxc6 Rab8
30.Bxb7 Rxb7 31.Rxa6 Rxb2 32.Kf2 f5 33.Ra7 Rb3 34.h4 h6 35.h5 gxh5 36.Ra5 Rb4
37.e3 h4 38.Rxf5 Rb2+ 39.Kf3 h3 40.Rh5 h2 41.Rxh6 Kg7 42.Rh5 Kg6 43.g4 Rd2
44.Kf4 Rf2+ 45.Kg3 Re2 46.Rxh2 Rxe3+ 47.Kf4 Rd3 48.Ke5 Kg5 49.Rg2 Re3+ 50.Kd6  1-0

[Event "Moscow-B"]
[Site "Moscow"]
[Date "1988.??.??"]
[Round "?"]
[White "Danailov, Silvio"]
[Black "Zaichik, Gennadi"]
[Result "1-0"]
[WhiteElo "2415"]
[BlackElo "2510"]

1.Nf3 Nf6 2.c4 g6 3.g3 Bg7 4.Bg2 O-O 5.O-O c5 6.Nc3 Nc6 7.d4 cxd4 8.Nxd4 d6
9.Nc2 Be6 10.b3 Qd7 11.Bb2 Bh3 12.Ne3 Bxg2 13.Kxg2 e6 14.Qd2 Rfd8 15.Rad1 b6
16.Qc1 Qb7 17.f3 a6 18.Qa1 Ne5 19.a4 Rac8 20.Nc2 Qb8 21.Rd2 Ned7 22.Rfd1 Nc5
23.Qa2 Bh6 24.Rd4 e5 25.Nd5 exd4 26.Nxf6+ Kh8 27.Bxd4 Bg7 28.Nd5 f6 29.Bxf6 Bxf6
30.Nxf6 Qb7 31.Nd4 Qf7 32.Nd5 Nd7 33.e4 Rf8 34.Qd2 Ne5 35.Rf1 Rb8 36.Qc3 Kg8
37.h3 Nd7 38.h4 h5 39.Nf4 Rbe8 40.Qd2 Kh7 41.Rd1 Nc5 42.Qc2 a5 43.Nh3 Qf6
44.Ng5+ Kg8 45.Qe2 Re7 46.Qe3 Rd7 47.Rd2 Re8 48.Qg1 Re5 49.Qd1 Re8 50.Nc6 Rc8
51.e5 Qf5 52.Rxd6 Rxc6 53.Qd5+ Kg7 54.Qxc6 Qc2+ 55.Kh3 Qf5+ 56.Kg2 Qc2+ 57.Kh3 Qf5+
58.g4 hxg4+ 59.fxg4 Qf1+ 60.Qg2 Qxg2+ 61.Kxg2 Rxd6 62.exd6  1-0

[Event "Moscow-A"]
[Site "Moscow"]
[Date "1988.??.??"]
[Round "?"]
[White "Davies, Nigel R"]
[Black "Levitt, Jonathan"]
[Result "1/2-1/2"]
[WhiteElo "2475"]
[BlackElo "2485"]

1.Nf3 Nf6 2.g3 g6 3.Bg2 Bg7 4.c4 O-O 5.O-O d6 6.d4 Nc6 7.Nc3 a6 8.b3 Rb8
9.Bb2 b5 10.cxb5 axb5 11.Rc1 b4 12.Nb1 Na7 13.Ne1 Nd7 14.Nd3 c5 15.dxc5 Bxb2
16.Nxb2 Nxc5 17.Qd2 Ba6 18.Rfd1 Qa5 19.Nc4 Qb5 20.Qh6 Rfd8 21.h4 Qe8 22.h5 Qf8
23.Qe3 Bb7 24.hxg6 hxg6 25.Bxb7 Rxb7 26.Ne5 Rc8 27.Nd3 Nxd3 28.Qxd3 Rbc7  1/2-1/2

[Event "URS-chT"]
[Site "Naberezhnie Chelni"]
[Date "1988.??.??"]
[Round "?"]
[White "Vaganian, Rafael A"]
[Black "Kuzmin, Alexey"]
[Result "1-0"]
[WhiteElo "2595"]
[BlackElo "2470"]

1.Nf3 Nf6 2.c4 g6 3.g3 Bg7 4.Bg2 O-O 5.O-O d6 6.Nc3 Nc6 7.Rb1 a5 8.d3 e5
9.a3 h6 10.b4 axb4 11.axb4 Be6 12.b5 Ne7 13.Bb2 Nd7 14.Nd2 c6 15.Ra1 d5 16.Qb3 Rxa1
17.Rxa1 dxc4 18.Nxc4 Bd5 19.bxc6 bxc6 20.Nxd5 cxd5 21.Na5 Qb6 22.Qxb6 Nxb6
23.Ba3 Re8 24.Rb1 Nec8 25.Nc6 e4 26.Ne7+ Nxe7 27.Rxb6 Nf5 28.dxe4 dxe4 29.e3 Bf8
30.Bb2 Bg7 31.Bc1 Rd8 32.Bf1 Nd6 33.Kg2 h5 34.Be2 Be5 35.Ba3 Kg7 36.Rc6 Kf6
37.Ra6 Kg7 38.Ra7 Kf6 39.Bc4 Rc8 40.Bd5  1-0

[Event "New York op"]
[Site "New York"]
[Date "1988.??.??"]
[Round "?"]
[White "Djuric, Stefan"]
[Black "Barlov, Dragan"]
[Result "1-0"]
[WhiteElo "2475"]
[BlackElo "2520"]

1.Nf3 Nf6 2.c4 g6 3.g3 Bg7 4.Bg2 O-O 5.O-O d6 6.Nc3 c6 7.d4 Qa5 8.e4 Bg4
9.h3 Bxf3 10.Qxf3 Nfd7 11.Rd1 a6 12.h4 b5 13.cxb5 axb5 14.h5 Nb6 15.e5 dxe5
16.h6 Bh8 17.dxe5 b4 18.e6 N8d7 19.exd7 bxc3 20.bxc3 Rad8 21.Qxc6 Nxd7 22.Rxd7 Rxd7
23.Qxd7 Qxc3 24.Rb1 Qc2 25.Qb5 Bd4 26.Be3 Bxe3 27.fxe3 Qxa2 28.Qe5  1-0

[Event "Poznan op"]
[Site "Poznan"]
[Date "1988.??.??"]
[Round "4"]
[White "Cybulak, Adam"]
[Black "Maslowski, Tomasz"]
[Result "1-0"]
[WhiteElo "2295"]
[BlackElo "2255"]

1.c4 Nf6 2.Nf3 g6 3.g3 Bg7 4.Bg2 O-O 5.O-O d6 6.Nc3 e5 7.d3 Nc6 8.Rb1 Bd7
9.b4 Qc8 10.Bg5 h6 11.Bxf6 Bxf6 12.Nd5 Bd8 13.b5 Ne7 14.Nf6+ Kg7 15.Nxd7 Qxd7
16.Nd2 c6 17.Qa4 Bb6 18.bxc6 bxc6 19.Nb3 h5 20.c5 dxc5 21.Rbc1 Qd6 22.Rc4 Rac8
23.Rfc1 Nf5 24.Nxc5 Nd4 25.Qd1 Qe7 26.e3 Nb5 27.Qb3 Nd6 28.R4c2 Nf5 29.Bh3 Rb8
30.Qa4 Rfd8 31.Qe4 Qf6 32.Na6 Rbc8 33.Rxc6 Rxc6 34.Rxc6 Rd6 35.Nb4 Rxc6 36.Nxc6 Bc7
37.Nxa7 Ne7 38.Nb5 Ba5 39.Kf1 Nc6 40.a3 Nd8 41.d4 exd4 42.Qxd4 Qxd4 43.Nxd4 Kf6
44.Nb3 Bc7 45.Bg2 Ke6 46.Nd4+ Kd7 47.Bd5 Kd6 48.e4 Kc5 49.Nb3+ Kb5 50.Ke2 Ka4
51.Nd4 Bd6 52.Nc6 Nxc6 53.Bxc6+ Kxa3 54.Be8 g5 55.Bxf7 h4 56.gxh4 gxh4 57.h3 Kb4
58.Kd3 Kc5 59.Ke3 Bc7 60.f4 Kd6 61.e5+ Ke7 62.Bb3 Kf8 63.Ke4 Kg7 64.Kd5 Ba5
65.Ke6 Bd2 66.f5 Kh6 67.f6 Kg5 68.f7 Bb4 69.Kd7  1-0

[Event "Bohemians"]
[Site "Prague"]
[Date "1988.??.??"]
[Round "?"]
[White "Neckar, Lubomir"]
[Black "Plachetka, Jan"]
[Result "1/2-1/2"]
[WhiteElo "2380"]
[BlackElo "2415"]

1.Nf3 Nf6 2.c4 g6 3.g3 Bg7 4.Bg2 O-O 5.d4 c6 6.O-O d6 7.Nc3 Qa5 8.h3 Be6
9.d5 cxd5 10.Nd4 Bd7 11.cxd5 Rc8 12.e4 Be8 13.Be3 Nbd7 14.Qe2 Nb6 15.Rfd1 Nc4
16.Nb3 Qb4 17.Bd4 a5 18.Rab1 a4 19.Nc1 a3 20.bxa3 Qxa3 21.Rb3 Qa6 22.Bf1 Rc7
23.Nd3 Rac8 24.Nb2 b5 25.Nxc4 bxc4 26.Qb2 Qa8 27.Rb4 Nh5 28.Bxg7 Nxg7 29.Rd4 Bd7
30.g4 Qa7 31.Rdxc4 Rxc4 32.Rxc4 Rxc4 33.Bxc4 f5 34.exf5 gxf5 35.Be2 fxg4
36.hxg4 Qd4 37.Nd1 Qxd5 38.Qb3 Qxb3 39.axb3 Ne6 40.Bc4 Kg7 41.Ne3 Nd4 42.b4 Kf6
43.f4 e5 44.Nd5+ Kg6 45.Bd3+ Kg7 46.f5 Bc6 47.Bc4 Bxd5 48.Bxd5 Kf6 49.Bc4 h5
50.gxh5 Kxf5 51.b5 Nxb5  1/2-1/2

[Event "Bohemians"]
[Site "Prague"]
[Date "1988.??.??"]
[Round "?"]
[White "Neckar, Lubomir"]
[Black "Schmidt, Wlodzimierz"]
[Result "1/2-1/2"]
[WhiteElo "2380"]
[BlackElo "2440"]

1.Nf3 Nf6 2.c4 g6 3.g3 Bg7 4.Bg2 O-O 5.d4 d5 6.cxd5 Nxd5 7.O-O c5 8.dxc5 Na6
9.Ng5 Ndb4 10.Nc3 h6 11.Nf3 Qxd1 12.Rxd1 Be6 13.Be3 Nc2 14.Rac1 Nxe3 15.fxe3 Nxc5
16.Nd4 a5 17.Nxe6 fxe6 18.Nb5 Rac8 19.b3 b6 20.Na7 Rc7 21.Nb5 Rcc8 22.Na7 Rc7
23.Nb5  1/2-1/2

[Event "ROM-ch"]
[Site "Predeal"]
[Date "1988.??.??"]
[Round "9"]
[White "Grunberg, Sergiu Henric"]
[Black "Marin, Mihail"]
[Result "1/2-1/2"]
[WhiteElo "2355"]
[BlackElo "2480"]

1.Nf3 Nf6 2.c4 g6 3.g3 Bg7 4.Bg2 O-O 5.O-O c5 6.d4 d6 7.Nc3 Nc6 8.dxc5 dxc5
9.Bf4 Nd4 10.Be5 Nc6 11.Bf4 Nd4 12.Be5 Nc6  1/2-1/2

[Event "URS-ch sf"]
[Site "Riga"]
[Date "1988.??.??"]
[Round "?"]
[White "Yurtaev, Leonid"]
[Black "Timoshchenko, Gennadi A"]
[Result "1/2-1/2"]
[WhiteElo "2485"]
[BlackElo "2455"]

1.Nf3 Nf6 2.c4 g6 3.g3 Bg7 4.Bg2 O-O 5.O-O d6 6.d4 Nbd7 7.Nc3 e5 8.e4 h6
9.Rb1 Nh7 10.dxe5 Nxe5 11.Nxe5 dxe5 12.Qxd8 Rxd8 13.Nd5 c6 14.Ne7+ Kf8 15.Nxc8 Raxc8
16.Be3 c5 17.b4 cxb4 18.Rxb4 b6 19.a4 Nf6 20.Rc1 Rc6 21.Bf3 Rdc8 22.a5 bxa5
23.Ra4 h5 24.Rxa5 a6 25.c5 Kg8 26.Be2 Ng4 27.Bd2 Bf8 28.Bb4 Rb8 29.Ba3 Rb3
30.Rc2 Rb1+ 31.Kg2 Ra1 32.Bxa6 Rxc5 33.Raxc5 Bxc5 34.Rxc5 Rxa3 35.Bc4 Ra4
36.Rc7 Nh6 37.Bd5 Kg7 38.h3 Rb4 39.Kf3 Kf6 40.Ke3 Rb1  1/2-1/2